00335nam a2200121Ia 4500008004100000041000800041082001500049100002000064245004000084260004600124500001700170650002600187220803s9999 xx 000 0 und d aeng a728.38 RAY aRaymond J G Jr. aFeng Shui : The Pillars Of Destiny. aNew YorkbTimes Books Internationalc1994 aArchitecture aArchitectural History